00675nam a2200169 a 450000500170000000800410001702000180005805000180007610000190009424500760011326000380018930000170022744000190024452002040026365000180046765000200048520140412111310.0030404s19uu xx 00 eng d a0-241-13499-4 aERbAl45 1995 aKennemore, Tim aAlice's birthday pig /cby Tim Kennemore ; illustrated by Alex de Wolf. aLondon :bHamish Hamilton,c1995. a70 p. ; ill. aAntelope Books aAlice longs to have an animal - she can only pronounce it 'aminal' and is cruelly teased about this by her stuffy big brother Oliver. But Alice doesn't want any animal: she has set her heart on pig! aPigs--Fiction aAnimal--Fiction